00753nam a2200253 a 4500001001300000003000900013005001700022008004100039020002300080082002000103100002600123245002600149260004600175300000900221500003500230505002400265650001600289650001700305700002600322902000800348942000700356952012100363999001500484nice12345678IN_TiNIC20260116013045.0050524s1991 newa grp 000 0 eng  a0231813 c34000a305.420962bMAC aMacleod, Arlene Elowe aAccommodating Protest aNew YorkbColumbia University Pressc1991 a206p aincludes index and biblioraphy2 abibliography, index aWomen-Egypt aMuslim Women1 aMacleod, Arlene Elowe bSRS cBK 001040708StackRoom-aHMIbHMId2007-03-23g340.00l0o305.420962 MACp016760r2007-03-23v340.00w2005-05-24yBK c9466d9466